Electromagnetic fields and waves (Record no. 7754)
[ view plain ]
| 000 -LEADER | |
|---|---|
| fixed length control field | 00416 a2200157 4500 |
| 020 ## - INTERNATIONAL STANDARD BOOK NUMBER | |
| International Standard Book Number | 0-7167-0331-9 |
| 040 ## - CATALOGING SOURCE | |
| Original cataloging agency | DLC |
| Language of cataloging | DLC |
| 082 ## - DEWEY DECIMAL CLASSIFICATION NUMBER | |
| Classification number | 537 |
| 100 1# - MAIN ENTRY--PERSONAL NAME | |
| Personal name | Lorrain, Paul |
| 245 00 - TITLE STATEMENT | |
| Title | Electromagnetic fields and waves |
| Statement of responsibility, etc. | Paul Lorrain, Dale R. Corson |
| 250 ## - EDITION STATEMENT | |
| Edition statement | 2. ed. |
| 260 ## - PUBLICATION, DISTRIBUTION, ETC. | |
| Place of publication, distribution, etc. | San Francisco, Calif., |
| Date of publication, distribution, etc. | 1970 |
| 300 ## - PHYSICAL DESCRIPTION | |
| Extent | 706 s. : |
| Other physical details | diagr., ill., tab. |
| 700 1# - ADDED ENTRY--PERSONAL NAME | |
| Personal name | Corson, Dale R. |
| 942 ## - ADDED ENTRY ELEMENTS (KOHA) | |
| Koha item type | Book |
| Call number prefix | 537 LOR |
| Source of classification or shelving scheme | |
| Withdrawn status | Lost status | Damaged status | Not for loan | Collection code | Permanent Location | Current Location | Shelving location | Date acquired | Source of acquisition | Cost, normal purchase price | Total Checkouts | Full call number | Barcode | Date last seen | Date last checked out | Price effective from | Koha item type | Total Renewals |
|---|---|---|---|---|---|---|---|---|---|---|---|---|---|---|---|---|---|---|
| Central Library (CL) | Central Library (CL) | General Stacks | 04/25/2006 | Donation | 0.00 | 1 | 537 LOR | SEECS007272 | 09/05/2015 | 07/01/2015 | 01/05/2017 | Book | ||||||
| Central Library (CL) | Central Library (CL) | General Stacks | 02/21/2008 | Donation | 537 LOR | SEECS006727 | 11/14/2012 | 01/05/2017 | Book | |||||||||
| Central Library (CL) | Central Library (CL) | General Stacks | 03/21/2008 | Donation | 0.00 | 537 LOR | SEECS007503 | 11/14/2012 | 01/05/2017 | Book | ||||||||
| Central Library (CL) | Central Library (CL) | General Stacks | 02/21/2008 | Donation | 2 | 537 LOR | SEECS006568 | 03/30/2022 | 11/12/2021 | 01/05/2017 | Book | 3 | ||||||
| Central Library (CL) | Central Library (CL) | General Stacks | 04/25/2006 | Donation | 0.00 | 537 LOR | SEECS007271 | 11/14/2012 | 01/05/2017 | Book | ||||||||
| Central Library (CL) | Central Library (CL) | General Stacks | 02/21/2008 | Donation | 1 | 537 LOR | SEECS006667 | 05/24/2024 | 01/18/2023 | 01/05/2017 | Book | 3 |
